书目信息 |
| 书名: | Why we buy | |
| 作者: | Paco Underhill | |
| 分册号: | ||
| 分册名: | 出版地: | America |
|
| 出版社: | Simon & schuster paperbacks | |
| 出版时间: | 1999 | |
| 页数: | 306P | |
| 开本: | 22cm | |
| 丛书名: | ||
| 中图分类号: | ||
| 科图分类号: | ||
| 其他分类号: | F713.5 | |
| 主题词: | ||
| 电子资源: | ||
| 000 | 00394nam0 2200145 450 | |
| 001 | 202012198753 | |
| 005 | 20121126170227.0 | |
| 008 | 20010101s | |
| 020 | @a978-1-416-59524-3@c$16.00 | |
| 099 | @dF713.5@eP121 | |
| 245 | 10 | @aWhy we buy @cPaco Underhill |
| 260 | 0 | @aAmerica@bSimon & schuster paperbacks@c1999 |
| 300 | @a306P@c22cm | |
| 905 | @b12685-6 | |
| 905 | @aTSG@dF713.5@eP121 | |
| Why we buy / Paco Underhill.-America : Simon & schuster paperbacks , 1999 |
| 306P ; 22cm |
| ISBN 978-1-416-59524-3$16.00 |
| ● |
| 相关链接 |
|
|
|
正题名:Why we buy
索取号:F713.5/P121
 
预约/预借
| 序号 | 登录号 | 条形码 | 馆藏地/架位号 | 状态 | 备注 |
| 1 | 12685 | 300126851 | 社科库409/409社科库 118排2列1层/ [索取号:F713.5/P121] | 在馆 | |
| 2 | 12686 | 300126860 | 社科库409/409社科库 118排2列1层/ [索取号:F713.5/P121] | 在馆 |